[Event "XXVII RUS-chT Women 2020"]
[Site "Sochi"]
[Date "2020.11.21"]
[Round "3.15"]
[White "Yurasova, Daria"]
[Black "Vasilevich, Irina"]
[Result "1-0"]
[WhiteElo "2075"]
[BlackElo "2258"]
[Annotator "ChessBase"]
[PlyCount "57"]
[EventDate "2020.11.19"]
[EventType "team-tourn"]
[EventCountry "RUS"]
[SourceTitle "playchess.com"]
[Source "ChessBase"]
[SourceQuality "1"]
[TimeControl "40/5400+30:1800+30"]

1. d4 {[%emt 0:00:00]} b6 {[%emt 0:00:00]} 2. Nf3 {[%emt 0:00:30]} Bb7 {[%emt 0:00:06]} 3. e3 {[%emt 0:00:29]} e6 {[%emt 0:01:38]} 4. Bd3 {[%emt 0:00:12]} Nf6 {[%emt 0:00:47]} 5. O-O {[%emt 0:00:42]} Be7 {[%emt 0:02:27]} 6. c4 {[%emt 0:00:09]} O-O {[%emt 0:02:09]} 7. Nc3 {[%emt 0:00:07]} d5 {[%emt 0:02:19]} 8. b3 {[%emt 0:05:20]} c5 {[%emt 0:05:31]} 9. cxd5 {[%emt 0:00:28]} exd5 {[%emt 0:02:29]} 10. Bb2 {[%emt 0:00:17]} Nc6 {[%emt 0:06:48]} 11. dxc5 {[%emt 0:01:09]} bxc5 {[%emt 0:04:54]} 12. Rc1 {[%emt 0:00:06]} Qa5 {[%emt 0:20:48]} 13. Na4 {[%emt 0:04:25]} Ne4 {[%emt 0:01:00]} 14. Ne5 {[%emt 0:14:09]} Nxe5 {[%emt 0:11:42]} 15. Bxe5 {[%emt 0:00:42]} Rad8 {[%emt 0:00:29]} 16. Qc2 {[%emt 0:17:21]} Rfe8 {[%emt 0:16:43]} 17. b4 {[%emt 0:04:00]} cxb4 {[%emt 0:05:48]} 18. Bc7 {[%emt 0:00:30]} b3 {[%emt 0:00:05]} 19. Qxb3 {[%emt 0:01:20]} Qb4 {[%emt 0:00:44]} 20. Qxb4 {[%emt 0:00:37]} Bxb4 {[%emt 0:00:06]} 21. Bxd8 {[%emt 0:00:06]} Rxd8 {[%emt 0:00:17]} 22. Rb1 {[%emt 0:01:27]} a5 {[%emt 0:00:29]} 23. Bxe4 {[%emt 0:01:59]} dxe4 {[%emt 0:00:11]} 24. a3 {[%emt 0:00:05]} Bc6 {[%emt 0:00:05]} 25. axb4 {[%emt 0:00:08]} Bxa4 {[%emt 0:00:05]} 26. bxa5 {[%emt 0:00:05]} Kf8 {[%emt 0:03:00]} 27. a6 {[%emt 0:01:56]} Ra8 {[%emt 0:00:16]} 28. Rb6 {[%emt 0:00:22]} Ke7 {[%emt 0:00:48]} 29. Ra1 {[%emt 0:00:26]} 1-0

[Event "XXVII RUS-chT Women 2020"]
[Site "Sochi"]
[Date "2020.11.21"]
[Round "3.16"]
[White "Mikheeva, Galina"]
[Black "Balaian, Alina"]
[Result "0-1"]
[WhiteElo "1943"]
[BlackElo "2243"]
[Annotator "ChessBase"]
[PlyCount "60"]
[EventDate "2020.11.19"]
[EventType "team-tourn"]
[EventCountry "RUS"]
[SourceTitle "playchess.com"]
[Source "ChessBase"]
[SourceQuality "1"]
[TimeControl "40/5400+30:1800+30"]

1. e4 {[%emt 0:00:00]} e6 {[%emt 0:00:00]} 2. d4 {[%emt 0:00:00]} d5 {[%emt 0:00:00]} 3. e5 {[%emt 0:00:00]} c5 {[%emt 0:00:00]} 4. c3 {[%emt 0:00:00]} Nc6 {[%emt 0:00:00]} 5. Nf3 {[%emt 0:00:00]} Nh6 6. a3 {[%emt 0:01:09]} Nf5 {[%emt 0:00:12]} 7. Be3 {[%emt 0:00:44]} f6 {[%emt 0:03:26]} 8. exf6 {[%emt 0:05:36]} Qxf6 {[%emt 0:04:44]} 9. Bd3 {[%emt 0:03:18]} Bd6 {[%emt 0:04:08]} 10. O-O cxd4 11. cxd4 {[%emt 0:17:45]} Nxe3 {[%emt 0:03:22]} 12. fxe3 {[%emt 0:00:09]} Qh6 {[%emt 0:00:14]} 13. Qe2 {[%emt 0:09:16]} O-O 14. Nbd2 {[%emt 0:03:05]} Bd7 {[%emt 0:02:21]} 15. Bb5 {[%emt 0:13:51]} Rae8 16. Bxc6 {[%emt 0:06:02]} bxc6 {[%emt 0:04:27]} 17. Ne5 {[%emt 0:00:09]} Bxe5 {[%emt 0:02:45]} 18. dxe5 {[%emt 0:00:05]} c5 {[%emt 0:01:47]} 19. Nf3 {[%emt 0:04:00]} Rb8 {[%emt 0:01:26]} 20. Rfe1 {[%emt 0:05:55]} Qg6 {[%emt 0:09:51]} 21. Nh4 {[%emt 0:15:00]} Qe4 {[%emt 0:01:06]} 22. Nf3 {[%emt 0:00:25]} Be8 {[%emt 0:03:25]} 23. Rac1 {[%emt 0:01:51]} Bh5 {[%emt 0:05:22]} 24. Rxc5 {[%emt 0:05:14]} Bxf3 {[%emt 0:00:35]} 25. gxf3 Rxf3 {[%emt 0:01:27]} 26. Qg2 {[%emt 0:02:04]} Rbf8 {[%emt 0:01:41]} 27. Qg5 {[%emt 0:03:33]} R3f5 {[%emt 0:01:13]} 28. Qg3 {[%emt 0:00:28]} h6 {[%emt 0:01:03]} 29. h4 {[%emt 0:00:34]} Rf3 {[%emt 0:00:40]} 30. Qg2 {[%emt 0:00:36]} Qxh4 {[%emt 0:00:27]} 0-1

[Event "XXVII RUS-chT Women 2020"]
[Site "Sochi"]
[Date "2020.11.21"]
[Round "3.17"]
[White "Zherebtsova, Alexandra"]
[Black "Grigorieva, Yulia"]
[Result "1-0"]
[WhiteElo "2204"]
[BlackElo "2343"]
[Annotator "NA"]
[PlyCount "81"]
[EventDate "2020.11.19"]
[EventType "team-tourn"]
[EventCountry "RUS"]
[SourceTitle "playchess.com"]
[Source "ChessBase"]
[SourceQuality "1"]
[TimeControl "40/5400+30:1800+30"]

1. d4 {[%emt 0:00:00]} Nf6 {[%emt 0:00:00]} 2. c4 {[%emt 0:00:00]} g6 {[%emt 0:00:00]} 3. Nc3 {[%emt 0:00:00]} d5 {[%emt 0:00:00]} 4. cxd5 {[%emt 0:00:22]} Nxd5 {[%emt 0:00:00]} 5. Na4 {[%emt 0:00:27]} Nf6 {[%emt 0:13:09]} 6. Nf3 {[%emt 0:01:03]} Bg7 {[%emt 0:03:12]} 7. Bf4 {[%emt 0:00:38]} O-O {[%emt 0:04:05]} 8. e3 {[%emt 0:00:35]} Nd5 {[%emt 0:06:30]} 9. Bg3 {[%emt 0:05:22]} c6 {[%emt 0:02:39]} 10. Qd2 {[%emt 0:09:58]} Bg4 {[%emt 0:01:41]} 11. Ne5 {[%emt 0:05:54]} Bf5 {[%emt 0:03:09]} 12. Be2 {[%emt 0:14:01]} f6 {[%emt 0:03:34]} 13. Nf3 $14 {[%emt 0:06:26]} Nd7 {[%emt 0:03:26]} 14. O-O {[%emt 0:06:32]} e5 {[%emt 0:05:31]} 15. dxe5 {[%emt 0:01:55]} fxe5 {[%emt 0:01:34]} 16. Bc4 {[%emt 0:05:58]} Be4 {[%emt 0:03:59]} 17. Nc3 {[%emt 0:07:10]} Bxf3 {[%emt 0:01:57]} 18. gxf3 {[%emt 0:00:01]} N7b6 {[%emt 0:00:49]} 19. Bb3 {[%emt 0:00:36]} Kh8 {[%emt 0:01:14]} 20. Nxd5 {[%emt 0:04:11]} cxd5 {[%emt 0:01:14]} 21. Rfd1 {[%emt 0:07:09]} d4 {[%emt 0:01:43]} 22. Qe2 {[%emt 0:05:18]} Qg5 {[%emt 0:07:51]} 23. Rac1 {[%emt 0:04:08]} Qh5 {[%emt 0:06:25]} 24. exd4 {[%emt 0:05:26]} Rxf3 {[%emt 0:02:14]} 25. Re1 {[%emt 0:02:41]} Raf8 {[%emt 0:04:22]} 26. dxe5 {[%emt 0:00:54]} Qg5 {[%emt 0:03:50]} 27. e6 {[%emt 0:03:21]} Bd4 {[%emt 0:04:12]} 28. e7 {[%emt 0:01:23]} Rxg3+ {[%emt 0:11:24]} 29. Kh1 {[%emt 0:00:36]} Rgf3 {[%emt 0:00:23]} 30. Qxf3 {[%emt 0:01:33]} Rxf3 {[%emt 0:00:40]} 31. e8=Q+ {[%emt 0:00:06]} Kg7 {[%emt 0:00:03]} 32. Rc7+ {[%emt 0:01:31]} Kh6 {[%emt 0:00:05]} 33. Qg8 {[%emt 0:00:21]} Qf5 {[%emt 0:01:46]} 34. Qxh7+ {[%emt 0:00:32]} Kg5 {[%emt 0:00:01]} 35. Rg1+ {[%emt 0:00:20]} Kf4 {[%emt 0:00:08]} 36. Rf7 {[%emt 0:00:29]} Bf6 {[%emt 0:00:06]} 37. Qxg6 {[%emt 0:00:38]} Qxg6 {[%emt 0:00:31]} 38. Rxg6 {[%emt 0:00:11]} Ke5 {[%emt 0:00:03]} 39. Kg2 {[%emt 0:00:31]} Rf4 {[%emt 0:00:27]} 40. Rxb7 {[%emt 0:00:00]} Bh4 {[%emt 0:00:00]} 41. f3 {[%emt 0:00:36]} 1-0

[Event "XXVII RUS-chT Women 2020"]
[Site "Sochi"]
[Date "2020.11.21"]
[Round "3.18"]
[White "Baiburina, Kamilla"]
[Black "Doroshenko, Diana"]
[Result "1/2-1/2"]
[WhiteElo "1805"]
[BlackElo "2204"]
[Annotator "TA"]
[PlyCount "164"]
[EventDate "2020.11.19"]
[EventType "team-tourn"]
[EventCountry "RUS"]
[SourceTitle "playchess.com"]
[Source "ChessBase"]
[SourceQuality "1"]

{[%evp 23,164,0,0,-16,-16,-16,-18,-30,-19,-24,-18,-23,-25,-29,-7,-22,-20,-43,-26,-31,-11,-11,-11,-18,0,-16,0,-7,-10,-10,18,22,35,4,33,33,62,21,37,-15,0,-45,-45,-45,-30,-30,-30,-30,-30,-30,-30,-77,-52,-52,-45,-292,-216,-279,-280,-290,-243,-291,-281,-259,-258,-197,0,0,0,0,0,0,0,-30,-22,-50,-50,-50,-50,-50,-50,-50,-50,-43,-43,-43,-43,-43,-43,-68,-43,-43,-43,-55,-50,-158,-158,-158,-158,-158,-158,-158,-147,-156,-156,-141,-149,-189,-156,-154,-150,-198,-197,-171,-154,-152,-114,-879,-485,-337,-109,-200,-125,-199,-109,-83,-31,-43,-38,-37,-59,-43,0,-21,-23,-33,109,0,0,0,0,0,0]} 1. c4 Nf6 2. g3 c5 3. Bg2 d5 4. cxd5 Nxd5 5. Nc3 Nc7 6. Nf3 Nc6 7. O-O e5 8. d3 Be7 9. Nd2 Bd7 10. Nc4 f6 11. f4 b5 12. Ne3 Rc8 13. Ned5 {A34: Symmetrical English: 2 Nc3, lines with ...d5.} Nxd5 14. Nxd5 O-O 15. e4 {[#]} Kh8 $146 ({Predecessor:} 15... Be6 16. Be3 Bxd5 17. exd5 Nb4 18. Qb3 c4 19. dxc4 bxc4 20. Qa4 exf4 21. Rxf4 Bd6 22. Re4 Nxd5 23. Bxa7 Nb6 24. Qb5 Bc5+ 25. Kh1 Kh8 26. Re6 Qd7 27. Qxd7 {½-½ (27) Schneider,L (2385)-Wedberg,T (2540) Sweden 2002}) 16. Be3 Bd6 17. Rc1 Nd4 18. Qd2 a5 19. Kh1 a4 20. f5 b4 {[%cal Bb5b4,Bb4b3][%mdl 32]} 21. g4 b3 22. a3 Nc2 23. Rfd1 Rg8 24. Bf2 g6 25. Bh4 g5 26. Bf2 Kg7 27. h4 h6 28. Bf3 Bb5 29. Kg2 Bb8 30. Ne3 Nd4 31. h5 (31. Nc4 $14) 31... Rf8 32. Nd5 Rf7 33. Nc3 Be8 34. Nd5 {[%cal Bc3d5,Bd5e3,Be3c4][%mdl 32]} Rd7 35. Ne3 Qc7 36. Nc4 Rcd8 37. Qe3 Ba7 38. Be2 Bf7 39. Bf3 $2 (39. Qd2 $15) 39... Nc2 $1 $19 {[%cal Rc2e3]} 40. Qe2 {[#]} Rxd3 $1 {[%mdl 576] Remove Defender} 41. Rxd3 Bxc4 42. Rd7+ Qxd7 43. Qxc4 Qd2 {Threatens to win with ...Ne3+.} 44. Be2 {next Rd1 is good for White.} Qd7 $2 (44... Qxc1 $2 45. Qe6 $18) (44... Nd4 $1 $19 {[%cal Rd4e2]} 45. Rd1 Qc2 46. Bxd4 exd4) 45. Rd1 Nd4 46. Qa6 Rb8 47. Bc4 Qb7 (47... Bb6 {feels hotter.} 48. Bd5 Qa7 49. Qc4 Rd8 50. Be3 Rc8) 48. Qxb7+ Rxb7 49. Bd5 Rc7 50. Bc4 $1 Bb6 51. Be1 Kf8 52. Kf2 Ke7 53. Bc3 Ra7 54. Bd2 Kd6 55. Bd5 Rc7 56. Bc4 Kc6 57. Bc3 Re7 58. Ke3 Bc7 59. Bxd4 (59. Kf2 $15) 59... exd4+ $15 {[%mdl 4096] Endgame KRB-KRB} 60. Kd3 Bf4 61. Rf1 {Cut Off at move 61} Kb6 62. Rd1 Be3 63. Rf1 Kc6 64. Rd1 Kd6 65. Rf1 Rb7 66. Bd5 Rb8 67. Rd1 Ke5 68. Rf1 c4+ 69. Bxc4 Rc8 70. Rf3 $2 {[%mdl 8192]} (70. Rh1 $17) 70... Bc1 71. Rf2 {[#]} Rc7 $2 (71... Rxc4 $1 $19 {[%mdl 512] and Black stays clearly on top.} 72. Kxc4 Kxe4) 72. Re2 (72. Bb5 $17 {was forced.}) 72... Be3 73. Bb5 (73. Re1 $17 {was called for.}) 73... Ra7 (73... Rc1 $1 $19 {[%cal Rc1d1]} 74. Bxa4 Rd1+ 75. Kc4 Kxe4 76. Bxb3 Ra1) 74. Re1 $17 Kf4 (74... Ra5 $1 $17 {[%cal Ra5b5]} 75. Kc4 Kxe4) 75. Rf1+ $15 Kxg4 {Strongly threatening ...Bf4.} 76. e5 $1 {[%cal Re5f6]} fxe5 77. f6 {Black must now prevent f7.} Rf7 {And now ...Bf4 would win.} ({Don't blunder} 77... Kxh5 $2 78. f7 $18) 78. Ke4 Bf4 ({Wrong is} 78... Kxh5 $2 79. Be8 $1 $18 {[%mdl 512]}) 79. Rg1+ Bg3 (79... Kxh5 80. Kf5 $16) (79... Kh3 $15 {keeps the upper hand.} 80. Kf5 {[#]} e4 $1 {[%mdl 512]}) 80. Be2+ ({Better is} 80. Bxa4 $16 {Be8 is the strong threat.} Kh3 81. Kf5) 80... Kh3 $11 {The position is equal.} 81. Bf1+ Kg4 (81... Kh2 $5 82. Rg2+ $8 Kh3 $11) 82. Be2+ Kh3 {And White is the lucky defender.  Weighted Error Value: White=0.21/Black=0.10} 1/2-1/2

[Event "XXVII RUS-chT Women 2020"]
[Site "Sochi"]
[Date "2020.11.21"]
[Round "3.19"]
[White "Khokhlova, Daria"]
[Black "Idrisova, Roza"]
[Result "1-0"]
[WhiteElo "2196"]
[BlackElo "1960"]
[Annotator "NA"]
[PlyCount "97"]
[EventDate "2020.11.19"]
[EventType "team-tourn"]
[EventCountry "RUS"]
[SourceTitle "playchess.com"]
[Source "ChessBase"]
[SourceQuality "1"]
[TimeControl "40/5400+30:1800+30"]

1. d4 {[%emt 0:00:00]} d5 {[%emt 0:00:00]} 2. c4 {[%emt 0:00:00]} c6 {[%emt 0:00:00]} 3. Nf3 {[%emt 0:00:00]} Nf6 {[%emt 0:00:01]} 4. e3 {[%emt 0:00:00]} Bg4 {[%emt 0:04:53]} 5. Qb3 {[%emt 0:00:00]} Qb6 {[%emt 0:01:06]} 6. c5 {[%emt 0:01:44]} Qc7 {[%emt 0:02:05]} 7. Ne5 {[%emt 0:00:35]} Bf5 {[%emt 0:01:51]} 8. Nc3 {[%emt 0:09:52]} Nbd7 {[%emt 0:01:02]} 9. Bd3 {[%emt 0:05:08]} Bxd3 {[%emt 0:02:54]} 10. Nxd3 {[%emt 0:01:09]} e6 {[%emt 0:00:46]} 11. f3 {[%emt 0:03:33]} b6 {[%emt 0:04:13]} 12. cxb6 {[%emt 0:00:44]} Qxb6 {[%emt 0:00:47]} 13. Qc2 {[%emt 0:01:04]} Bd6 $11 {[%emt 0:03:12]} 14. Bd2 {[%emt 0:01:20]} e5 {[%emt 0:02:57]} 15. Rc1 {[%emt 0:07:55]} Rc8 {[%emt 0:07:25]} 16. dxe5 {[%emt 0:07:19]} Nxe5 {[%emt 0:00:28]} 17. Nxe5 {[%emt 0:00:13]} Bxe5 {[%emt 0:00:17]} 18. Qf5 {[%emt 0:01:51]} Qb8 {[%emt 0:02:22]} 19. f4 {[%emt 0:02:52]} Bd6 {[%emt 0:02:42]} 20. e4 {[%emt 0:04:12]} dxe4 {[%emt 0:01:58]} 21. Nxe4 {[%emt 0:01:12]} Be7 {[%emt 0:01:30]} 22. Nxf6+ {[%emt 0:01:08]} Bxf6 {[%emt 0:02:29]} 23. Qe4+ {[%emt 0:00:27]} Kf8 {[%emt 0:13:14]} 24. Bb4+ {[%emt 0:10:01]} Kg8 {[%emt 0:00:54]} 25. O-O {[%emt 0:00:03]} g6 {[%emt 0:02:28]} 26. Bc3 {[%emt 0:10:30]} Qb6+ {[%emt 0:02:30]} 27. Kh1 {[%emt 0:00:24]} Bxc3 {[%emt 0:03:13]} 28. bxc3 {[%emt 0:03:30]} Qc5 {[%emt 0:02:48]} 29. f5 {[%emt 0:01:41]} Qd5 {[%emt 0:01:44]} 30. Qe7 {[%emt 0:04:07]} Kg7 {[%emt 0:08:15]} 31. c4 {[%emt 0:01:22]} Qd8 {[%emt 0:01:03]} 32. f6+ {[%emt 0:01:14]} Kg8 {[%emt 0:01:22]} 33. Qxa7 {[%emt 0:01:42]} h5 {[%emt 0:02:18]} 34. Rce1 {[%emt 0:06:07]} Rc7 {[%emt 0:01:32]} 35. Qc5 {[%emt 0:00:56]} Kh7 {[%emt 0:02:38]} 36. Re5 {[%emt 0:05:48]} Qd3 {[%emt 0:02:18]} 37. Rfe1 {[%emt 0:01:18]} Qd2 {[%emt 0:08:05]} 38. a4 {[%emt 0:02:46]} Rb8 {[%emt 0:02:15]} 39. a5 {[%emt 0:02:43]} Rb2 {[%emt 0:00:56]} 40. Rg1 {[%emt 0:00:00]} Qf4 {[%emt 0:00:00]} 41. Qd6 {[%emt 0:01:36]} Rf2 {[%emt 0:06:12]} 42. Qxc7 {[%emt 0:00:44]} Qxf6 {[%emt 0:00:16]} 43. Ree1 {[%emt 0:01:21]} h4 {[%emt 0:03:12]} 44. Qe7 {[%emt 0:00:23]} Qf4 {[%emt 0:02:07]} 45. Re4 {[%emt 0:00:18]} Qf5 {[%emt 0:00:51]} 46. Rxh4+ {[%emt 0:00:10]} Kg7 {[%emt 0:00:25]} 47. Qd8 {[%emt 0:00:04]} g5 {[%emt 0:01:16]} 48. Qh8+ {[%emt 0:00:07]} Kg6 {[%emt 0:00:11]} 49. Rh6# {[%emt 0:00:03]} 1-0

[Event "XXVII RUS-chT Women 2020"]
[Site "Sochi"]
[Date "2020.11.21"]
[Round "3.20"]
[White "Absalyamova, Karina"]
[Black "Mukhina, Jana"]
[Result "0-1"]
[WhiteElo "1884"]
[BlackElo "2012"]
[Annotator "NA"]
[PlyCount "40"]
[EventDate "2020.11.19"]
[EventType "team-tourn"]
[EventCountry "RUS"]
[SourceTitle "playchess.com"]
[Source "ChessBase"]
[SourceQuality "1"]
[TimeControl "40/5400+30:1800+30"]

1. d4 {[%emt 0:00:00]} d5 {[%emt 0:01:06]} 2. c4 {[%emt 0:00:00]} Nc6 {[%emt 0:00:15]} 3. Nf3 {[%emt 0:04:06]} Bg4 {[%emt 0:00:09]} 4. e3 {[%emt 0:00:24]} e5 {[%emt 0:01:52]} 5. dxe5 {[%emt 0:07:52]} dxc4 {[%emt 0:04:59]} 6. Qa4 {[%emt 0:08:35]} Bxf3 {[%emt 0:05:15]} 7. gxf3 {[%emt 0:00:04]} Qd5 {[%emt 0:00:30]} 8. e4 {[%emt 0:07:46]} Qxe5 {[%emt 0:02:50]} 9. Bxc4 {[%emt 0:01:36]} Bb4+ {[%emt 0:03:26]} 10. Nd2 {[%emt 0:07:13]} Bxd2+ {[%emt 0:05:58]} 11. Bxd2 {[%emt 0:00:05]} Qxb2 {[%emt 0:00:22]} 12. Rc1 {[%emt 0:07:59]} Rd8 {[%emt 0:15:23]} 13. Rc2 {[%emt 0:03:11]} Qf6 {[%emt 0:07:08]} 14. Be2 {[%emt 0:27:00]} Nge7 {[%emt 0:05:12]} 15. O-O {[%emt 0:04:31]} Rxd2 {[%emt 0:01:08]} 16. Rxd2 {[%emt 0:04:34]} Qg5+ {[%emt 0:00:09]} 17. Kh1 {[%emt 0:00:01]} Qxd2 {[%emt 0:00:12]} 18. Bc4 {[%emt 0:00:18]} Qc3 {[%emt 0:02:58]} 19. Kg2 {[%emt 0:01:33]} Ng6 {[%emt 0:02:27]} 20. Be2 {[%emt 0:01:50]} Nf4+ {[%emt 0:00:08]} 0-1

[Event "XXVII RUS-chT Women 2020"]
[Site "Sochi"]
[Date "2020.11.21"]
[Round "3.21"]
[White "Elnikova, Milena"]
[Black "Kochukova, Anna"]
[Result "0-1"]
[WhiteElo "1435"]
[BlackElo "2111"]
[Annotator "NA"]
[PlyCount "70"]
[EventDate "2020.11.19"]
[EventType "team-tourn"]
[EventCountry "RUS"]
[SourceTitle "playchess.com"]
[Source "ChessBase"]
[SourceQuality "1"]
[TimeControl "40/5400+30:1800+30"]

1. e4 {[%emt 0:00:00]} c5 {[%emt 0:00:00]} 2. d3 {[%emt 0:00:14]} Nc6 {[%emt 0:00:11]} 3. Nf3 {[%emt 0:00:26]} d6 {[%emt 0:01:24]} 4. Nbd2 {[%emt 0:00:37]} g6 {[%emt 0:01:03]} 5. g3 {[%emt 0:00:31]} Bg7 {[%emt 0:00:16]} 6. Bg2 {[%emt 0:01:03]} e5 {[%emt 0:07:45]} 7. O-O {[%emt 0:02:09]} Nge7 {[%emt 0:00:15]} 8. Nc4 {[%emt 0:05:03]} O-O {[%emt 0:03:09]} 9. Nh4 {[%emt 0:10:25]} Be6 {[%emt 0:13:44]} 10. Ne3 {[%emt 0:07:08]} d5 {[%emt 0:04:56]} 11. c3 {[%emt 0:10:26]} d4 {[%emt 0:01:32]} 12. Nc2 {[%emt 0:01:17]} dxc3 {[%emt 0:04:53]} 13. bxc3 {[%emt 0:00:10]} c4 {[%emt 0:03:55]} 14. Ne1 {[%emt 0:06:20]} Na5 {[%emt 0:07:56]} 15. Ba3 {[%emt 0:07:48]} Re8 {[%emt 0:01:14]} 16. Nhf3 {[%emt 0:05:42]} cxd3 {[%emt 0:05:21]} 17. Nxd3 {[%emt 0:02:40]} Bc4 {[%emt 0:02:05]} 18. Nfe1 {[%emt 0:02:21]} Qd7 {[%emt 0:07:29]} 19. Qc2 {[%emt 0:01:17]} b6 {[%emt 0:00:30]} 20. Rd1 {[%emt 0:01:58]} Qe6 {[%emt 0:00:35]} 21. Nb4 {[%emt 0:06:07]} Bxf1 {[%emt 0:03:34]} 22. Bxf1 {[%emt 0:00:12]} Red8 {[%emt 0:00:45]} 23. Bd3 {[%emt 0:05:57]} Rac8 {[%emt 0:02:05]} 24. Bb2 {[%emt 0:05:21]} Nc4 {[%emt 0:03:24]} 25. Bxc4 {[%emt 0:05:18]} Qxc4 {[%emt 0:00:11]} 26. Rxd8+ {[%emt 0:02:04]} Rxd8 {[%emt 0:00:02]} 27. f3 {[%emt 0:01:31]} Bh6 {[%emt 0:04:35]} 28. Nbd3 {[%emt 0:02:18]} Nc6 {[%emt 0:01:41]} 29. Kg2 {[%emt 0:03:53]} Qxa2 {[%emt 0:02:56]} 30. Qf2 {[%emt 0:01:25]} Qc4 {[%emt 0:00:41]} 31. Qc2 {[%emt 0:00:30]} b5 {[%emt 0:01:44]} 32. Qb1 {[%emt 0:02:46]} a5 {[%emt 0:00:46]} 33. Ba1 {[%emt 0:00:32]} Bd2 {[%emt 0:00:37]} 34. Kf2 {[%emt 0:00:15]} Bxe1+ {[%emt 0:00:39]} 35. Nxe1 {[%emt 0:00:01]} Rd2+ {[%emt 0:00:12]} 0-1

[Event "XXVII RUS-chT Women 2020"]
[Site "Sochi"]
[Date "2020.11.21"]
[Round "3.22"]
[White "Zhurova, Anna"]
[Black "Gubernatorova, Lyudmila"]
[Result "1/2-1/2"]
[WhiteElo "2078"]
[BlackElo "2200"]
[Annotator "ChessBase"]
[PlyCount "64"]
[EventDate "2020.11.19"]
[EventType "team-tourn"]
[EventCountry "RUS"]
[SourceTitle "playchess.com"]
[Source "ChessBase"]
[SourceQuality "1"]
[TimeControl "40/5400+30:1800+30"]

1. e4 {[%emt 0:00:00]} c5 {[%emt 0:00:00]} 2. Nc3 {[%emt 0:00:22]} Nc6 {[%emt 0:00:00]} 3. g3 {[%emt 0:00:27]} e6 {[%emt 0:00:36]} 4. Bg2 {[%emt 0:00:09]} Nf6 {[%emt 0:00:09]} 5. Nge2 {[%emt 0:00:26]} d5 {[%emt 0:00:30]} 6. exd5 {[%emt 0:00:08]} exd5 {[%emt 0:00:07]} 7. d4 {[%emt 0:00:04]} cxd4 {[%emt 0:01:33]} 8. Nxd4 {[%emt 0:00:14]} Bg4 {[%emt 0:00:13]} 9. Nde2 {[%emt 0:05:57]} Bxe2 {[%emt 0:22:58]} 10. Qxe2+ {[%emt 0:03:37]} Be7 {[%emt 0:00:11]} 11. O-O {[%emt 0:00:10]} O-O {[%emt 0:00:52]} 12. Rd1 {[%emt 0:00:44]} d4 {[%emt 0:01:37]} 13. Nb5 {[%emt 0:03:06]} Qb6 {[%emt 0:05:26]} 14. Bxc6 {[%emt 0:04:39]} bxc6 {[%emt 0:01:57]} 15. Nxd4 {[%emt 0:00:10]} Rfe8 {[%emt 0:07:48]} 16. Qf3 {[%emt 0:07:15]} Bc5 {[%emt 0:07:31]} 17. Nb3 {[%emt 0:11:09]} Re6 {[%emt 0:07:57]} 18. Nxc5 {[%emt 0:09:16]} Qxc5 {[%emt 0:00:13]} 19. Be3 {[%emt 0:01:33]} Qxc2 {[%emt 0:00:52]} 20. Rac1 {[%emt 0:00:23]} Qa4 {[%emt 0:03:39]} 21. Rd4 {[%emt 0:02:06]} Qxa2 {[%emt 0:01:28]} 22. Rxc6 {[%emt 0:01:07]} Rae8 {[%emt 0:02:52]} 23. Rxe6 {[%emt 0:04:00]} Qxe6 {[%emt 0:00:22]} 24. Ra4 {[%emt 0:00:30]} Qb3 {[%emt 0:01:24]} 25. Rxa7 {[%emt 0:02:15]} Qxb2 {[%emt 0:00:13]} 26. Ra8 {[%emt 0:02:16]} Qb5 {[%emt 0:02:29]} 27. Rxe8+ {[%emt 0:00:26]} Qxe8 {[%emt 0:04:27]} 28. Kg2 {[%emt 0:02:12]} Qe4 {[%emt 0:00:21]} 29. Qxe4 {[%emt 0:00:04]} Nxe4 {[%emt 0:00:06]} 30. Kf3 {[%emt 0:00:10]} Nf6 {[%emt 0:00:11]} 31. Kg2 {[%emt 0:00:03]} Ne4 {[%emt 0:00:08]} 32. Kf3 {[%emt 0:00:04]} Nf6 {[%emt 0:00:05]} 1/2-1/2

[Event "XXVII RUS-chT Women 2020"]
[Site "Sochi"]
[Date "2020.11.21"]
[Round "3.23"]
[White "Dorokhina, Elizaveta"]
[Black "Shestakova, Ekaterina"]
[Result "1-0"]
[WhiteElo "1824"]
[BlackElo "1966"]
[Annotator "NA"]
[PlyCount "59"]
[EventDate "2020.11.19"]
[EventType "team-tourn"]
[EventCountry "RUS"]
[SourceTitle "playchess.com"]
[Source "ChessBase"]
[SourceQuality "1"]
[TimeControl "40/5400+30:1800+30"]

1. e4 {[%emt 0:00:00]} c5 {[%emt 0:00:00]} 2. Nf3 {[%emt 0:00:44]} Nc6 {[%emt 0:00:00]} 3. Bb5 {[%emt 0:02:36]} g6 {[%emt 0:00:12]} 4. O-O {[%emt 0:02:38]} Bg7 {[%emt 0:00:08]} 5. Re1 {[%emt 0:01:48]} e5 {[%emt 0:00:59]} 6. c3 {[%emt 0:03:27]} Nge7 {[%emt 0:01:40]} 7. d4 {[%emt 0:03:42]} cxd4 {[%emt 0:00:54]} 8. cxd4 {[%emt 0:00:29]} Nxd4 {[%emt 0:00:10]} 9. Nxd4 {[%emt 0:00:46]} exd4 {[%emt 0:00:04]} 10. e5 {[%emt 0:01:28]} O-O {[%emt 0:04:05]} 11. Bg5 {[%emt 0:02:21]} Qb6 {[%emt 0:07:01]} 12. Bxe7 {[%emt 0:02:16]} Re8 {[%emt 0:01:40]} 13. Bf6 {[%emt 0:00:43]} Qxb5 {[%emt 0:00:24]} 14. Bxg7 {[%emt 0:00:18]} Kxg7 {[%emt 0:05:38]} 15. Qxd4 {[%emt 0:00:34]} Re6 {[%emt 0:18:28]} 16. Nc3 {[%emt 0:06:30]} Qb6 {[%emt 0:04:28]} 17. Qf4 {[%emt 0:07:04]} d6 {[%emt 0:07:48]} 18. Nd5 {[%emt 0:02:56]} Qa5 {[%emt 0:18:26]} 19. Qd4 {[%emt 0:02:26]} Kg8 {[%emt 0:08:16]} 20. b4 {[%emt 0:13:20]} Qd8 {[%emt 0:01:35]} 21. Nf6+ {[%emt 0:01:08]} Kg7 {[%emt 0:01:58]} 22. Qh4 {[%emt 0:00:42]} Qh8 {[%emt 0:01:05]} 23. Nd5 {[%emt 0:01:56]} Bd7 {[%emt 0:04:06]} 24. exd6 {[%emt 0:02:05]} Rae8 {[%emt 0:03:00]} 25. Rxe6 {[%emt 0:02:14]} Rxe6 {[%emt 0:00:02]} 26. Qd4+ {[%emt 0:00:15]} f6 {[%emt 0:00:18]} 27. Nf4 {[%emt 0:01:11]} Re5 {[%emt 0:00:48]} 28. Nd3 {[%emt 0:00:31]} Re6 {[%emt 0:00:54]} 29. Nc5 {[%emt 0:00:21]} Qe8 {[%emt 0:01:38]} 30. Nxe6+ {[%emt 0:00:32]} 1-0